Statistiken für Poker (Texas Hold‘em)

Klicken Sie hier um das Quiz zu spielen!

Allgemein

  • Dieses Quiz wurde 113 mal gespielt
  • Das Durchschnittsergebnis liegt bei 11 aus 16

Antwortstatistiken

FragenAntworten% Korrekt
Stärkste Hand im PokerRoyal Flush
94%
Wie heißt die Hand bestehend aus einem Drilling und einem Paar?Full House
93%
Pflichteinsätze von 2 Spielern beim Beginn des Spiels (Small, Big)Blinds
91%
Verhalten mit dem Zweck, die Gegner zum eigenen Vorteil in die Irre zu führenBluffen
88%
Wie viele Karten sind in einem Poker Deck?52
86%
Raise
86%
Check
84%
Mögliche Aktionen des SpielersFold
80%
Call
65%
River
64%
Bet
60%
Flop
59%
Wettrunden bevor dem ShowdownPre-{flop}
59%
Turn
55%
Größtes Pokerturnier der WeltWorld Series of Poker
36%
Der Spieler nach den ersten 2 Personen, die oben beschrieben sindUnder the gun
27%

Verteilung der Resultate

Perzentil nach korrekt beantworteten Fragen

Anzahl Personen mit jedem Resultat

Ihre Resultats-Entwicklung

Sie haben dieses Quiz noch nicht gespielt